000 00558nam a2200181Ia 4500
003 IN-BaIIA
008 211028s9999 xx 000 0 eng d
040 _cIIA Library
080 _a530.1
_bDE
100 _aDe Broglie, Louis
_91924
245 0 _aMatter and light
_bthe new physics
_cLouis De Broglie
260 _aNew York
_bDover Publications
_c1937
300 _a300p.
650 _aAstronomy and astrophysics thesaurus
650 _aMatter
_91925
650 _aPhysics; Light-Visible radiation
_91926
942 _cBK
999 _c900
_d900